An Introduction to Partial Differential Equations with MATLAB /

Gespeichert in:
Bibliographische Detailangaben
1. Verfasser: Coleman, Matthew, P. (Verfasst von)
Format: Buch
Sprache:Englisch
Veröffentlicht: Boca Raton CRC Press 2013
Ausgabe:2nd Ed.
Schriftenreihe:Applied Mathematics and Nonlinear Science
Schlagworte:
Tags: Tag hinzufügen
Keine Tags, Fügen Sie das erste Tag hinzu!

MARC

LEADER 00000nam a22000003a 4500
001 0030779
003 SK-STU
005 20180130142850.0
007 ta
008 180130s ----xo-----e------000-0-----d
020 |a 978-1-4398-9846-8 
040 |a STU  |b slo 
041 0 |a eng  |h eng 
044 |a xxu 
100 1 |a Coleman, Matthew, P.  |4 aut 
245 1 0 |a An Introduction to Partial Differential Equations with MATLAB /  |c aut. Matthew Coleman 
250 |a 2nd Ed. 
260 |a Boca Raton  |b CRC Press  |c 2013 
300 |a 669 s. 
490 0 |a Applied Mathematics and Nonlinear Science 
650 0 7 |a MATLAB 
650 0 7 |a diferenciálne rovnice 
996 |b 284M087587  |c M* 14076-1  |l MMKN  |s A  |a 24  |w 0030779_0001